| 000 | 00634nam a2200241 a 4500 | ||
|---|---|---|---|
| 001 | 0001-1349 | ||
| 003 | ELIB.Books | ||
| 008 | 151021 2010 eng | ||
| 020 | _aKBTS | ||
| 035 | _a(ELIB.Books)0001-1504 | ||
| 092 |
_a253 _bGra |
||
| 100 | _aGray, James R. | ||
| 245 | _aWill the Real Pastor Please Stand Up? | ||
| 260 |
_aGeorgia _bJames R. Gray Ministries, Inc. _c1982 |
||
| 300 |
_a56 _c2.5 Cm |
||
| 500 | _aLibrary/ C/o Par Gideon Taw | ||
| 650 | _aPastoral Theology | ||
| 856 |
_nKBTS: Library _uKBTS: Elib |
||
| 942 |
_2ddc _cBK |
||
| 990 | _a2 | ||
| 998 |
_cbat _e2015-10-21 |
||
| 999 |
_c11349 _d11349 |
||